[Event "Kochan Memorial op 25th"]
[Site "Koszalin"]
[Date "2014.08.12"]
[Round "2"]
[White "Pijewski, Milosz"]
[Black "Popiolek, Henryk"]
[Result "1-0"]
[WhiteElo "1545"]
[BlackElo "1310"]
[PlyCount "51"]
[EventDate "2014.08.10"]
[EventType "swiss"]
[EventRounds "9"]
[EventCountry "POL"]
[SourceTitle "CBM 161 Extra"]
[Source "ChessBase"]
[SourceDate "2014.08.29"]
[SourceVersion "1"]
[SourceVersionDate "2014.08.29"]
[SourceQuality "1"]

1. e4 e6 2. Nf3 d5 3. exd5 exd5 4. d4 Be7 5. c3 h6 6. Bd3 Nf6 7. 0-0 c6 8. Bf4 Bg4 9. h3 Be6 10. Nbd2 Nbd7 11. Qc2 0-0 12. Rfe1 Re8 13. Re2 Nf8 14. Rae1 Bd6 15. Bxd6 Qxd6 16. Ne5 Rac8 17. Re3 Rc7 18. f4 c5 19. dxc5 Rxc5 20. Nb3 Rcc8 21. Nd4 Bd7 22. Bf5 Ne6 23. Nxd7 Qxd7 24. Nxe6 d4 25. Nxd4 Qxd4 26. cxd4 1-0

[Event "Kochan Memorial op 24th"]
[Site "Koszalin"]
[Date "2013.08.11"]
[Round "2"]
[White "Popiolek, Henryk"]
[Black "Kozlowski, Konrad"]
[Result "1-0"]
[WhiteElo "1332"]
[BlackElo "1515"]
[PlyCount "82"]
[EventDate "2013.08.10"]
[EventType "swiss"]
[EventRounds "9"]
[EventCountry "POL"]
[SourceTitle "CBM 155 Extra"]
[Source "ChessBase"]
[SourceDate "2013.08.26"]
[SourceVersion "1"]
[SourceVersionDate "2013.08.26"]
[SourceQuality "1"]

1. c4 c5 2. Nc3 Nc6 3. g3 g6 4. Bg2 Bg7 5. e4 d6 6. d3 e6 7. Nge2 Nge7 8. 0-0 0-0 9. Bf4 e5 10. Be3 Be6 11. a3 Qd7 12. Qd2 Nd4 13. Bxd4 cxd4 14. Na2 Rab8 15. b4 Bh3 16. b5 Bxg2 17. Kxg2 f5 18. f3 f4 19. g4 g5 20. Nb4 Ng6 21. a4 Nh4+ 22. Kf2 h5 23. h3 Rf6 24. Rac1 Bf8 25. Nd5 Rh6 26. Rg1 Kh8 27. Qa5 b6 28. Qe1 hxg4 29. Rxg4 Nxf3 30. Kxf3 Rxh3+ 31. Ng3 fxg3 32. Rxg3 Bh6 33. Kg2 g4 34. Rc2 Rf8 35. Rf2 Rxg3+ 36. Kxg3 Bf4+ 37. Nxf4 exf4+ 38. Rxf4 Rxf4 39. Qh1+ Kg8 40. Kxf4 Qg7 41. Qh4 Qf7+ 1-0

[Event "Kochan Memorial op 24th"]
[Site "Koszalin"]
[Date "2013.08.11"]
[Round "3"]
[White "Smolenski, Filip"]
[Black "Popiolek, Henryk"]
[Result "1-0"]
[WhiteElo "1555"]
[BlackElo "1332"]
[PlyCount "67"]
[EventDate "2013.08.10"]
[EventType "swiss"]
[EventRounds "9"]
[EventCountry "POL"]
[SourceTitle "CBM 155 Extra"]
[Source "ChessBase"]
[SourceDate "2013.08.26"]
[SourceVersion "1"]
[SourceVersionDate "2013.08.26"]
[SourceQuality "1"]

1. e4 d6 2. d4 g6 3. Nc3 Bg7 4. f4 Nf6 5. Nf3 0-0 6. Bd3 Nbd7 7. 0-0 c5 8. d5 a6 9. Qe1 Ne8 10. Kh1 b5 11. Rg1 c4 12. Be2 f5 13. exf5 Rxf5 14. g4 Rf7 15. Ng5 Bb7 16. Nxf7 Kxf7 17. Bf3 Nc7 18. Ne4 h6 19. f5 g5 20. Ng3 Ne5 21. Bg2 Nxg4 22. Rf1 Nxd5 23. Qe6+ Kf8 24. Bxd5 Bxd5+ 25. Qxd5 Ra7 26. Qf3 Nf6 27. Be3 Rd7 28. Bd4 d5 29. c3 Qc7 30. Rae1 a5 31. Nh5 g4 32. Nxg7 Kxg7 33. Bxf6+ Kxf6 34. Qxg4 1-0

[Event "Kochan Memorial op 24th"]
[Site "Koszalin"]
[Date "2013.08.10"]
[Round "1"]
[White "Czajkowski, Adam"]
[Black "Popiolek, Henryk"]
[Result "1-0"]
[WhiteElo "1933"]
[BlackElo "1332"]
[PlyCount "113"]
[EventDate "2013.08.10"]
[EventType "swiss"]
[EventRounds "9"]
[EventCountry "POL"]
[SourceTitle "CBM 155 Extra"]
[Source "ChessBase"]
[SourceDate "2013.08.26"]
[SourceVersion "1"]
[SourceVersionDate "2013.08.26"]
[SourceQuality "1"]

1. e4 c5 2. Nf3 Nc6 3. d4 cxd4 4. Nxd4 d6 5. c4 Nf6 6. Nc3 g6 7. f3 a6 8. Be3 Bg7 9. Qd2 Qa5 10. Be2 Bd7 11. 0-0 0-0 12. Rfd1 Rac8 13. Rac1 Ne5 14. Nb3 Qd8 15. Nd5 Nxd5 16. cxd5 Ba4 17. Rxc8 Qxc8 18. Rc1 Qb8 19. Nd4 Rc8 20. f4 Nd7 21. b3 Rxc1+ 22. Qxc1 Bxd4 23. Bxd4 Bb5 24. Bg4 Nf8 25. Qc8 Qxc8 26. Bxc8 Bd3 27. Bxb7 Bxe4 28. Bxa6 Bxd5 29. Bc4 Ba8 30. b4 Nd7 31. Bb5 Nb8 32. a4 Nc6 33. Bc3 Kf8 34. a5 Ke8 35. Ba4 Kd8 36. b5 Nb8 37. Bb3 e6 38. Bc4 d5 39. Be2 Kc8 40. Kf2 Nd7 41. Bb4 Kb7 42. Kg3 Kc8 43. Kf2 Kb8 44. Ke3 Kc7 45. Kd4 f6 46. g3 Kb7 47. Bd6 Kc8 48. Bg4 f5 49. Bd1 Kb7 50. Ba4 Kc8 51. Be5 Kb7 52. b6 Nxe5 53. fxe5 Ka6 54. Kc5 Kxa5 55. Bc6 Bxc6 56. Kxc6 d4 57. b7 1-0

[Event "POL-ch Amateur"]
[Site "Wroclaw"]
[Date "2013.??.??"]
[Round "3"]
[White "Maczka, Miroslawa"]
[Black "Popiolek, Henryk"]
[Result "1-0"]
[WhiteElo "1570"]
[BlackElo "1353"]
[PlyCount "37"]
[EventDate "2013.06.??"]
[EventType "swiss"]
[EventRounds "9"]
[EventCountry "POL"]
[SourceTitle "EXT 2014"]
[Source "ChessBase"]
[SourceDate "2013.11.20"]
[SourceVersion "1"]
[SourceVersionDate "2013.11.20"]
[SourceQuality "1"]

1. e4 c5 2. d4 cxd4 3. c3 dxc3 4. Nxc3 d6 5. Nf3 Nc6 6. Bc4 e6 7. 0-0 Be7 8. Bf4 a6 9. Qe2 b5 10. Bb3 Nf6 11. Rfd1 Bb7 12. Ng5 Qc7 13. Rac1 Rd8 14. Qf3 h6 15. Qh3 Nh7 16. Nxf7 Rf8 17. Nxd8 Nxd8 18. Nxb5 Qb6 19. Nxd6+ 1-0

[Event "Kochan Memorial op 23rd"]
[Site "Koszalin"]
[Date "2012.08.13"]
[Round "3"]
[White "Popiolek, Henryk"]
[Black "Dabrowski, Damian"]
[Result "0-1"]
[WhiteElo "1385"]
[BlackElo "1543"]
[PlyCount "124"]
[EventDate "2012.08.11"]
[EventType "swiss"]
[EventRounds "9"]
[EventCountry "POL"]
[SourceTitle "CBM 149 Extra"]
[Source "ChessBase"]
[SourceDate "2012.08.24"]
[SourceVersion "1"]
[SourceVersionDate "2012.08.24"]
[SourceQuality "1"]

1. d4 d5 2. Nf3 Nc6 3. e3 a6 4. c4 Nf6 5. Nc3 Bf5 6. a3 e6 7. c5 b6 8. b4 Be7 9. Be2 0-0 10. 0-0 a5 11. b5 Na7 12. c6 Ne4 13. Nxe4 Bxe4 14. Ne1 Bd6 15. f4 Qh4 16. Bd2 f5 17. Nf3 Qg4 18. h3 Qg6 19. a4 Rf6 20. Qe1 Qh6 21. Qg3 Kh8 22. Be1 Rg8 23. Ng5 Qg6 24. Nxe4 dxe4 25. Kh2 Qh6 26. Kh1 g5 27. Qh2 gxf4 28. exf4 Rfg6 29. g4 Qg7 30. Bc3 Re8 31. g5 Rxg5 32. Rac1 Rg3 33. Ba1 Rg8 34. d5 e5 35. Rg1 Rxg1+ 36. Rxg1 Qxg1+ 37. Qxg1 Rxg1+ 38. Kxg1 Bc5+ 39. Kg2 Bd4 40. Bxd4 exd4 41. Kf1 Nc8 42. Bh5 Kg7 43. Be8 Nd6 44. Bd7 Kh6 45. Be6 Kh5 46. Kf2 Kh4 47. Kg2 d3 48. Kf2 Kxh3 49. Ke3 Kg3 50. Bxf5 Nxf5+ 51. Kxe4 d2 52. Kxf5 d1Q 53. Ke6 Qg4+ 54. f5 h5 55. Kd7 Qf4 56. f6 h4 57. Ke7 h3 58. f7 h2 59. f8Q Qxf8+ 60. Kxf8 h1Q 61. d6 Qh6+ 62. Ke7 Qxd6+ 0-1